Statystyki dla Daty historyczne związane z polską-dla Ignacego

Kliknij tutaj aby rozwiązać quiz!

Ogólne statystyki

  • Ten quiz został rozwiązany 358 razy
  • Średni wynik to 3 z 15

Statystyki odpowiedzi

DatyOdpowiedź% Poprawnych
966chrzest polski
99%
1000zjazd gnieźnieński
60%
1410bitwa pod grunwaldem
45%
1830powstanie listopadowe
31%
1863powstanie styczniowe
31%
1772I rozbiór polski
21%
1914wybuch I wojny światowej
12%
1945zakońćzenie II wojny światowej
9%
1939atak niemiec na polskę
7%
1918zakończenie I wojny światowej
7%
2004dołączenie do unii europejskiej
5%
1935śmierć piłsudskiego
4%
1940bitwa o anglię
2%
1944bitwa pod monte casino
1%
2015dojście andrzeja dudy do władzy
0%

Rozkład punktacji

Percentyl według liczby udzielonych odpowiedzi

Procent ludzi z każdym wynikiem

Twoja historia wyników

Nie rozwiązałeś tego quizu